| 000 | 00000nam##2200000za#4500 |
| 001 | 9.696201 |
| 003 | CaOODSP |
| 005 | 20210624234927 |
| 007 | cr ||||||||||| |
| 008 | 150407|2000||||xxc|||||o f|0| 0 eng|d |
| 040 | |aCaOODSP|beng |
| 043 | |an-cn--- |
| 086 | 1 |aE94-153/2000E-PDF |
| 110 | 1 |aCanada.|bCanadian International Development Agency. |
| 245 | 10|aYour guide to the Industrial Cooperation Program |h[electronic resource] |
| 246 | 1 |aIndustrial Cooperation Program guide |
| 260 | |aOttawa - Ontario : |bCanadian International Development Agency |c[2000]. |
| 300 | |a22p.|breferences, tables |
| 590 | |a12-24-Supp|b2012-05-30 |
| 690 | 07|aInternational development|2gcpds |
| 690 | 07|aAid programs|2gcpds |
| 775 | 08|tGuide du Programme de coopération industrielle |w(CaOODSP)9.640321 |
| 776 | 0#|tYour guide to the Industrial Cooperation Program |w(CaOODSP)9.647836 |
| 856 | 40|ahttp://publications.gc.ca|qPDF|s1.43 MB|uhttps://publications.gc.ca/collections/Collection/E94-153-2000E.pdf |